000
00262nam a2200097Ia 4500
005
20251222154405.0
008
251222s9999||||xx |||||||||||||| ||spa||
082
_a
333.910.85/U61
245
0
_a
La vida y el recurso hídrico en la Cuenca del Río Chili
942
_c
LIB
999
_c
35454
_d
35454